Catálogo

Historia del pensamiento filosófico y científico. (Registro nro. 68709)

Detalles MARC
000 -LEADER
fixed length control field 01400atm a2200349 i 4500
001 - CONTROL NUMBER
control field 68709
003 - CONTROL NUMBER IDENTIFIER
control field Mx-PuUPA
005 - DATE AND TIME OF LATEST TRANSACTION
control field 20240410104301.0
008 - FIXED-LENGTH DATA ELEMENTS--GENERAL INFORMATION
fixed length control field 200312s19882017sp a|||fr|||| 001 0 spa|d
020 ## - INTERNATIONAL STANDARD BOOK NUMBER
International Standard Book Number 9788425415876
040 ## - CATALOGING SOURCE
Original cataloging agency Mx-PuUPA
Language of cataloging spa
Transcribing agency Mx-PuUPA
Modifying agency Mx-PuUPA
Description conventions rda
041 1# - LANGUAGE CODE
Language code of text/sound track or separate title spa
Language code of original ita
100 1# - MAIN ENTRY--PERSONAL NAME
Personal name Reale, Giovanni,
Dates associated with a name 1931-2014
Relator term autor
9 (RLIN) 1055
240 10 - UNIFORM TITLE
Uniform title Il pensiero occidentale dalle origini ad oggi.
Number of part/section of a work Tomo I.
Language of a work Español
245 10 - TITLE STATEMENT
Title Historia del pensamiento filosófico y científico.
Number of part/section of a work Tomo primero.
Name of part/section of a work Antigüedad y edad media /
Statement of responsibility, etc. Giovanni Reale y Dario Antiseri ; traducción, Juan Andrés Iglesias
250 ## - EDITION STATEMENT
Edition statement 1a. edición
264 #4 - PRODUCTION, PUBLICATION, DISTRIBUTION, MANUFACTURE, AND COPYRIGHT NOTICE
Place of production, publication, distribution, manufacture Barcelona :
Name of producer, publisher, distributor, manufacturer Herder Editorial,
Date of production, publication, distribution, manufacture, or copyright notice 1988
300 ## - PHYSICAL DESCRIPTION
Extent 618 páginas :
Other physical details ilustraciones ;
Dimensions 25 cm
336 ## - CONTENT TYPE
Fuente rdacontent
Content type term texto
Content type code txt
337 ## - MEDIA TYPE
Source rdamedia
Media type term sin medio
Media type code n
338 ## - CARRIER TYPE
Source rdacarrier
Carrier type term volumen
Carrier type code nc
650 #4 - SUBJECT ADDED ENTRY--TOPICAL TERM
Topical term or geographic name entry element Filosofía
General subdivision Historia
650 #4 - SUBJECT ADDED ENTRY--TOPICAL TERM
Topical term or geographic name entry element Ciencia
General subdivision Historia
650 #4 - SUBJECT ADDED ENTRY--TOPICAL TERM
Topical term or geographic name entry element Filosofía de la ciencia
700 1# - ADDED ENTRY--PERSONAL NAME
Personal name Antiseri, Dario,
Relator term autor
9 (RLIN) 1056
700 1# - ADDED ENTRY--PERSONAL NAME
Personal name Iglesias, Juan Andrés,
Relator term traductor
765 08 - ORIGINAL LANGUAGE ENTRY
Main entry heading Reale, Giovanni, 1931-2014,
Title Il pensiero occidentale dalle origini ad oggi. Tomo I
Place, publisher, and date of publication Brescia : Editrice La Scuola, ©1983
942 ## - ADDED ENTRY ELEMENTS (KOHA)
Source of classification or shelving scheme Dewey Decimal Classification
Koha item type Libro
Classification part 109
Item part R2813
Existencias
Withdrawn status Lost status Source of classification or shelving scheme Damaged status Not for loan Collection code Home library Current library Shelving location Date acquired Source of acquisition Cost, normal purchase price Serial Enumeration / chronology Total Checkouts Total Renewals Full call number Barcode Date last seen Date last checked out Cost, replacement price Price effective from Koha item type
    Dewey Decimal Classification     General Biblioteca Karol Wojtyla Biblioteca Karol Wojtyla Sala general 21/08/2021 11 809.25 t.1 14 5 109 R2813 1988 101078 05/01/2026 27/10/2025 809.25 21/08/2021 Libro